000 00533cas a22001694i 4500
999 _c62285
_d62285
001 768714001
003 CO-MdFUSB
005 20180428095809.0
008 180428s2007 cr ||||| |||| 00| 0 spa d
040 _aCO-MdFUSB
_bspa
_cCO-MdFUSB
_dCO-MdFUSB
041 _aspa
100 1 _aSimpson, Charles
_eautor
245 1 0 _aEl secreto sagrado
300 _aVolumen 7. Número 12 (2007), páginas 178-180
_c: 28 cm.
773 0 _tConquista Cristiana
_049446
_960281
_gVolumen 7. Número 12 (2007), páginas 178-180
_qpágina 178
942 _cANA